LIBRARY & INFORMATION CENTRE, KCAET, TAVANUR

ONLINE PUBLIC ACCESS CATALOGUE (OPAC)

Vested interests (Record no. 11215)

MARC details
000 -LEADER
fixed length control field 00380cam a2200169ua 4500
041 ## - LANGUAGE CODE
Language code of text/sound track or separate title eng
082 ## - DEWEY DECIMAL CLASSIFICATION NUMBER
Classification number 33o.973
Item number ZIE/VE
100 ## - MAIN ENTRY--AUTHOR NAME
Personal name Ziegles, , stedward .
245 ## - TITLE STATEMENT
Title Vested interests
260 ## - PUBLICATION, DISTRIBUTION, ETC. (IMPRINT)
Place of publication Newyork :
Name of publisher The Macmillan company ,
Year of publication 1964.
300 ## - PHYSICAL DESCRIPTION
Number of Pages 306 ; .
942 ## - ADDED ENTRY ELEMENTS (KOHA)
Koha item type Books
Holdings
Withdrawn status Lost status Damaged status Home library Current library Date acquired Full call number Accession Number Koha item type Public note
Withdrawn     KAUAET Sanskrit University 07/04/2012 33o.973 8023 Books Transferred to Sanskrit University
free website counter